Groupes de choses - One Piece - Statistiques

Statistiques générales
  • Ce quiz a été pris 484 fois
  • Le résultat moyen est 44 sur 66
Statistiques - réponses
Réponse
% Correct
Gol. D Roger
99%
Monkey D. Luffy
97%
Monkey D. Luffy
97%
Monkey D. Luffy
97%
Baggy
93%
Shanks
93%
Marshall D. Teach
92%
Tony Tony Chopper
92%
Nami
92%
Nico Robin
92%
Roronoa Zoro
92%
Roronoa Zoro
92%
Franky
91%
Vinsmoke Sanji
91%
Brook
90%
Jinbe
90%
Jinbe
90%
Offensif
89%
Royal
89%
Donquixote Doflamingo
88%
Usopp
88%
Boa Hancock
86%
Crocodile
86%
Dracule Mihawk
86%
Perceptif
86%
Trafalgar Law
86%
Gecko Moria
83%
Rob Lucci
82%
Bartholomew Kuma
79%
Eustass Kidd
78%
Jewerly Bonney
74%
Kaku
73%
Urouge
71%
Killer
70%
Saint Jaygarcia Saturn
70%
Kin'emon
68%
Nouveau Monde
68%
Basil Hawkins
66%
Capone Bege
65%
Scratchmen Apoo
65%
X Drake
65%
Kalifa
63%
Saint Marcus Mars
57%
Blueno
51%
Jabra
50%
Raizo
49%
Kanjuro
48%
Spandam
48%
Chavipère
42%
Kikunojo
41%
Ashura Doji
40%
Caborage
39%
Denjiro
39%
Kawamatsu
38%
Lilith
35%
Saint Shepherd Ju Peter
33%
Pythagoras
32%
York
32%
Saint Topman Warcury
31%
Shaka
31%
Atlas
30%
Fukuro
30%
Edison
29%
Kumadori
29%
Saint Ethanbaron V. Nusjuro
27%
Paradis
22%
Aucun quiz correspondant
Distribution des résultats
% des personnes avec chaque résultat
Percentile par nombre de réponses
Votre historique - résultats
Vous n’avez pas pris ce quiz